Normal view
MARC view
Entry Personal Name
001 - CONTROL NUMBER
- control field: 54915
003 - CONTROL NUMBER IDENTIFIER
- control field: OSt
005 - DATE AND TIME OF LATEST TRANSACTION
- control field: 20241007105516.0
008 - FIXED-LENGTH DATA ELEMENTS
- fixed length control field: 241007|| aca||aabn | a|a d
040 ## - CATALOGING SOURCE
- Original cataloging agency: OSt
- Transcribing agency: OSt
100 ## - HEADING--PERSONAL NAME
- Personal name: အံ့၊ မောင်(မဟာဝိဇ္ဇာ)
670 ## - SOURCE DATA FOUND
- Source citation: Work cat.: (OSt): အံ့၊ မောင်(မဟာဝိဇ္ဇာ), မြတ်ဘုရားပွင့်တော်မူရာ ဗုဒ္ဓဂယာ /, ၁၉၉၆။